000 00289nam a22001337a 4500
008 170616b xxu||||| |||| 00| 0 eng d
020 _a0060975342
041 _aeng
080 _a32
100 _a20
101 _aSHP
245 _aRETHINKING SOCIAL POLICY
_cJENCKS,CH
942 _2udc
_cBK
999 _c17690
_d17690